| 000 | 01315nam a2200325 a 4500 | ||
|---|---|---|---|
| 001 | 000113857 | ||
| 003 | CHAP | ||
| 005 | 20220329144416.0 | ||
| 008 | 171002s2016 mx a fsm |||||||spa d | ||
| 010 | _a110318 | ||
| 011 | _a111290 | ||
| 040 | _cCHAP | ||
| 090 | _aTesis | ||
| 100 | 1 |
_aHernández Valdivia, Miriam Susana _9133580 |
|
| 245 | 1 | 0 |
_aValoración económica de los servicios ambientales y turísticos del bosque de San Juan de Aragón / _h[En línea] _cpor Miriam Susana Hernández Valdivia. |
| 260 |
_aChapingo, Méx. : _bEl autor, _c2016. |
||
| 500 | _aPara ver el contenido del material haga clic en la liga | ||
| 502 | _aTesis (M. C. en Economía Agrícola y de los Recursos Naturales) -- UACH. División de Ciencias Económico Administrativas | ||
| 590 |
_aE8697GMM _b05 _c20171002 _lUCH01 _h1200 |
||
| 590 |
_aE8697GMM _b05 _c20171002 _lUCH01 _h1310 |
||
| 590 |
_aE8697GMM _b05 _c20171002 _lUCH01 _h1356 |
||
| 590 |
_aE8697GMM _b05 _c20171002 _lUCH01 _h1359 |
||
| 650 | 1 | 4 |
_aParques nacionales _xAspectos económicos. _9132022 |
| 650 | 1 | 4 |
_aParques nacionales _xPreservación _zMéxico (Edo.). _9126186 |
| 650 | 1 | 4 |
_aParques nacionales _xRecreación familiar. _9132215 |
| 856 |
_aFinding aid _uhttp://10.13.5.2/tesis/sist113857.pdf _zTeclea aquí |
||
| 901 | _aBK | ||
| 942 | _cTESIS | ||
| 942 | _n0 | ||
| 999 |
_c110318 _d110318 |
||